Carta de Jesús al Papa

Збережено в:
Бібліографічні деталі
Автор: Sánchez Dragó, Fernando (Автор)
Формат: Книга
Мова:Іспанська
Опубліковано: Barcelona Planeta 2001
Предмети:
Теги: Додати тег
Немає тегів, Будьте першим, хто поставить тег для цього запису!

MARC

LEADER 00000nam a2200000 a 4500
001 UCL6394
003 CL-VaPUC
008 040402e20010000SP |||||||||||||||||spa|d
020 |a 8422694662 
082 0 4 |a 230.01  |b SAN  |2 21 
100 0 |a Sánchez Dragó, Fernando  |e author  |9 484079 
245 1 0 |a Carta de Jesús al Papa 
300 |a 296 p 
942 |c BK 
945 |d 20040402 00:00:00  |a cmena 
260 |a Barcelona  |b Planeta  |c 2001 
650 0 |a Filosofía de la religión   |9 256017 
650 0 |a Cristianismo  |9 257361 
650 0 |a Teología   |9 258766 
583 |a last modification  |c 20121001 10:16:31  |k Rodrigo Vera 
999 |c 308505  |d 308503 
952 |0 0  |1 0  |4 0  |6 230_010000000000000_SAN_2001  |7 0  |8 A  |9 375077  |a BIBHIS  |b BIBHIS  |d 2019-11-21  |i 3890090  |o 230.01 SAN 2001  |p 3890090  |r 2025-01-20  |w 2019-11-21  |y BK  |k HIS